Statistics for Colombia Current Squad

Click here to take the quiz!

General Stats

  • This quiz has been taken 10 times
    (2 since last reset)
  • The average score is 11 of 27

Answer Stats

RoleClubPlayer Name% Correct
GoalkeeperAl-NassrDavid Ospina
100%
MidfielderCrystal PalaceJefferson Lerma
100%
ForwardLiverpoolLuis Díaz
100%
MidfielderPalmeirasRichard Ríos
100%
GoalkeeperMillonariosÁlvaro Montero
50%
GoalkeeperAtlas GuadalajaraCamilo Vargas
50%
DefenderKRC GenkCarlos Cuesta
50%
DefenderCrystal PalaceDaniel Muñoz
50%
MidfielderBayer LeverkusenGustavo Puerta
50%
MidfielderSão PauloJames Rodríguez
50%
DefenderBolognaJhon Lucumí
50%
DefenderOsasunaJohan Mojica
50%
MidfielderDynamo MoscowJorge Carrascal
50%
MidfielderRacing ClubJuan Fernando Quintero
50%
Coach-Néstor Lorenzo
50%
ForwardInternacionalRafael Santos Borré
50%
MidfielderWatfordYáser Asprilla
50%
DefenderVillarreal CFYerson Mosquera
50%
ForwardReal Salt LakeCarlos Andrés Gómez
0%
DefenderJunior FCGabriel Fuentes
0%
ForwardFluminenseJhon Arias
0%
ForwardFK KrasnodarJhon Córdoba
0%
DefenderHellas VeronaJuan Cabal
0%
MidfielderTalleres CórdobaJuan Portilla
0%
MidfielderFK KrasnodarKevin Castaño
0%
ForwardZenitMateo Cassierra
0%
DefenderBahiaSantiago Arias
0%

Score Distribution

Percentile by Number Answered

Percent of People with Each Score

Your Score History

You have not taken this quiz since the last reset